| 000 | 01010cab a2200193 4500 | ||
|---|---|---|---|
| 001 | ##L131609 | ||
| 008 | 051122n2005 000 0 eng u | ||
| 035 | _a(Sirsi) u131638 | ||
| 041 | 0 | _aeng | |
| 100 | 1 | _aMoreau, Riikka | |
| 245 | 0 | 0 | _aLatest developments in Europe's extended-stay sector |
| 260 | _c2005 | ||
| 490 | 0 |
_aJournal of Retail and Leisure Property _v4(4) 2005, 359-364(6) |
|
| 520 | _aThe extended-stay sector in Europe has traditionally been characterised by fragmented ownership and wide variances in quality. Recent developments, however, indicate that greater consolidation is about to take place in this sector, as some of the largest players in the hotel industry have entered the market, introducing brands that are already established and successful in the USA. [Taken from journal abstract.] | ||
| 590 | _aIKA221105 | ||
| 690 | _aPROPERTY-COMMERCIAL PROPERTY-LEISURE PROPERTY-HOLIDAY AND GUEST PROPERTY-HOTEL PROPERTY-HOTELS | ||
| 700 | 1 | _aThorsteinsdottir, Kristin | |
| 942 | _n0 | ||
| 999 |
_c76213 _d76213 |
||